[Event "Anogia op 1st"]
[Site "Anogia"]
[Date "2012.07.30"]
[Round "1"]
[White "Finikianaki, Styliani"]
[Black "Pappas, Konstantinos"]
[Result "0-1"]
[WhiteElo "1005"]
[BlackElo "2047"]
[PlyCount "56"]
[EventDate "2012.07.30"]
[EventType "swiss"]
[EventRounds "7"]
[EventCountry "GRE"]
[SourceTitle "EXT 2013"]
[Source "ChessBase"]
[SourceDate "2012.11.22"]
[SourceVersion "1"]
[SourceVersionDate "2012.11.22"]
[SourceQuality "1"]

1. e4 e6 2. d4 d5 3. e5 c5 4. dxc5 Bxc5 5. Be3 Bxe3 6. fxe3 Qh4+ 7. g3 Qb4+ 8. c3 Qxb2 9. Nd2 Nc6 10. Bd3 Nxe5 11. Ngf3 Nxd3+ 12. Kf1 Nf6 13. Ke2 Qxc3 14. Nb3 Nb2 15. Qg1 Bd7 16. Rc1 Bb5+ 17. Kf2 Nd3+ 18. Kf1 Nxc1+ 19. Kg2 Nxb3 20. axb3 0-0 21. Nh4 Rac8 22. Qf2 Qxb3 23. Rg1 Rc2 24. Qxc2 Qxc2+ 25. Kh3 h5 26. g4 Nxg4 27. Rh1 Bf1+ 28. Kg3 Qf2# 0-1

[Event "Crete Poa op"]
[Site "Crete"]
[Date "2012.04.28"]
[Round "5"]
[White "Pappas, Konstantinos"]
[Black "Verikakis, Ioannis"]
[Result "1-0"]
[WhiteElo "2047"]
[BlackElo "1953"]
[PlyCount "31"]
[EventDate "2012.04.26"]
[EventType "swiss"]
[EventRounds "7"]
[EventCountry "GRE"]
[SourceTitle "EXT 2024"]
[Source "ChessBase"]
[SourceDate "2023.10.10"]
[SourceVersion "1"]
[SourceVersionDate "2023.10.10"]
[SourceQuality "1"]

1. e4 c5 2. Nc3 d6 3. f4 g6 4. Nf3 Bg7 5. Bc4 e6 6. 0-0 Ne7 7. d3 0-0 8. Qe1 Nbc6 9. Qh4 Nd4 10. Nxd4 Bxd4+ 11. Kh1 a6 12. f5 d5 13. f6 Nf5 14. Rxf5 exf5 15. Nxd5 h5 16. Ne7+ 1-0

[Event "Heraklion op 7th"]
[Site "Heraklion"]
[Date "2011.08.07"]
[Round "2"]
[White "Pappas, Konstantinos"]
[Black "Kounalakis, Evryklis"]
[Result "0-1"]
[WhiteElo "2054"]
[BlackElo "2196"]
[PlyCount "58"]
[EventDate "2011.08.06"]
[EventType "swiss"]
[EventRounds "9"]
[EventCountry "GRE"]
[SourceTitle "CBM 144 Extra"]
[Source "ChessBase"]
[SourceDate "2011.10.28"]
[SourceVersion "1"]
[SourceVersionDate "2011.10.28"]
[SourceQuality "1"]

1. Nf3 d5 2. d4 Nf6 3. c4 c6 4. Nc3 e6 5. e3 Nbd7 6. Bd3 dxc4 7. Bxc4 b5 8. Bd3 Bb7 9. 0-0 a6 10. e4 c5 11. d5 c4 12. Bc2 Qc7 13. a3 Be7 14. Nd4 Nc5 15. Qf3 Rd8 16. Bf4 e5 17. Bg3 g6 18. Rac1 Nh5 19. Nde2 0-0 20. Qe3 Bc8 21. Kh1 Rde8 22. f4 exf4 23. Nxf4 Nxg3+ 24. Qxg3 Bd6 25. Qf3 f5 26. exf5 Bxf5 27. Bxf5 Rxf5 28. g3 Nd3 29. Rc2 Bxf4 0-1

[Event "Heraklion Galaxy op 1st"]
[Site "Heraklion"]
[Date "2011.01.05"]
[Round "3"]
[White "Petrakis, Stylianos"]
[Black "Pappas, Konstantinos"]
[Result "0-1"]
[WhiteElo "1611"]
[BlackElo "2056"]
[PlyCount "80"]
[EventDate "2011.01.04"]
[EventType "swiss"]
[EventRounds "7"]
[EventCountry "GRE"]
[SourceTitle "EXT 2024"]
[Source "ChessBase"]
[SourceDate "2023.10.10"]
[SourceVersion "1"]
[SourceVersionDate "2023.10.10"]
[SourceQuality "1"]

1. e4 c6 2. d4 d5 3. Nc3 dxe4 4. Nxe4 Bf5 5. Ng3 Bg6 6. h4 h6 7. h5 Bh7 8. Nf3 Nd7 9. Bf4 Ngf6 10. Bc4 Qa5+ 11. c3 e6 12. Be5 Be7 13. Qe2 0-0-0 14. Bxf6 Bxf6 15. 0-0 Rhe8 16. b4 Qc7 17. a4 Nb6 18. Bd3 Bxd3 19. Qxd3 Nd5 20. Ne4 Nf4 21. Qe3 Nxh5 22. b5 Nf4 23. bxc6 bxc6 24. Rab1 Rd5 25. Rb2 Bg5 26. Nfxg5 hxg5 27. Rfb1 f6 28. Rb8+ Qxb8 29. Rxb8+ Kxb8 30. g3 Ng6 31. c4 Rdd8 32. c5 Ka8 33. Qd3 Ne5 34. Qc3 Rxd4 35. Nd6 Rb8 36. Qa5 g4 37. Qc7 Rxa4 38. Nc8 Rb1+ 39. Kg2 Raa1 40. f4 Ra2# 0-1

[Event "Heraklion op 5th"]
[Site "Heraklion"]
[Date "2009.08.23"]
[Round "3"]
[White "Lirindzakis, Timotheos"]
[Black "Pappas, Konstantinos"]
[Result "1/2-1/2"]
[WhiteElo "2344"]
[BlackElo "2091"]
[PlyCount "69"]
[EventDate "2009.08.22"]
[EventType "swiss"]
[EventRounds "9"]
[EventCountry "GRE"]
[SourceTitle "EXT 2010"]
[Source "ChessBase"]
[SourceDate "2010.11.25"]
[SourceVersion "1"]
[SourceVersionDate "2010.11.25"]
[SourceQuality "1"]

1. d4 d5 2. c4 e6 3. Nc3 Nf6 4. Nf3 c6 5. e3 Nbd7 6. Bd3 b6 7. 0-0 Bb7 8. b3 Be7 9. Bb2 0-0 10. e4 dxe4 11. Nxe4 c5 12. Qe2 Nxe4 13. Bxe4 Bxe4 14. Qxe4 Bf6 15. Rad1 Qc7 16. Rd2 cxd4 17. Bxd4 Nc5 18. Qe3 Bxd4 19. Rxd4 Rad8 20. Rfd1 a5 21. Qd2 Rxd4 22. Qxd4 f6 23. Ne1 Rc8 24. Nc2 Kf7 25. Na3 Qe7 26. Nb5 Rb8 27. f4 g6 28. h3 Kg7 29. Qd6 Qxd6 30. Rxd6 Kf7 31. Kf1 Ke7 32. Ke2 Rb7 33. Rc6 Kd7 34. Rd6+ Ke7 35. Rc6 1/2-1/2

[Event "Heraklion Gazi op"]
[Site "Heraklion"]
[Date "2006.08.31"]
[Round "1"]
[White "Komninos, Haralambos"]
[Black "Pappas, Konstantinos"]
[Result "0-1"]
[WhiteElo "1220"]
[BlackElo "2015"]
[PlyCount "64"]
[EventDate "2006.08.31"]
[EventType "swiss"]
[EventRounds "7"]
[EventCountry "GRE"]
[SourceTitle "EXT 2008"]
[Source "ChessBase"]
[SourceDate "2007.11.25"]
[SourceVersion "1"]
[SourceVersionDate "2007.11.25"]
[SourceQuality "1"]

1. e4 c5 2. c3 e6 3. d4 d5 4. e5 Nc6 5. Nf3 Qb6 6. b3 cxd4 7. Bd3 dxc3 8. 0-0 Nb4 9. Ng5 Nxd3 10. Qxd3 h6 11. Nxf7 Kxf7 12. Qf3+ Ke8 13. Qh5+ Kd7 14. Qf7+ Ne7 15. Nxc3 Qc7 16. Nb5 Qxe5 17. Bf4 Qf5 18. Nd6 Qxf7 19. Nxf7 Rh7 20. Rac1 Nc6 21. Ne5+ Nxe5 22. Bxe5 Bd6 23. Ba1 b6 24. f4 Ba6 25. Rf3 Be2 26. Rf2 Bd3 27. Kh1 Rc8 28. Rxc8 Kxc8 29. Be5 Bxe5 30. fxe5 g5 31. g3 h5 32. a3 Rc7 0-1

[Event "Heraklion Gazi op"]
[Site "Heraklion"]
[Date "2005.09.27"]
[Round "1"]
[White "Lepidakis, Anastasios"]
[Black "Pappas, Konstantinos"]
[Result "0-1"]
[WhiteElo "1005"]
[BlackElo "2103"]
[PlyCount "58"]
[EventDate "2005.09.27"]
[EventType "swiss"]
[EventRounds "7"]
[EventCountry "GRE"]
[SourceTitle "EXT 2007"]
[Source "ChessBase"]
[SourceDate "2006.11.23"]
[SourceVersion "1"]
[SourceVersionDate "2006.11.23"]
[SourceQuality "1"]

1. e4 c5 2. Nc3 Nc6 3. Nf3 d6 4. d3 e5 5. Bg5 Be7 6. Bxe7 Ngxe7 7. Nd5 Nxd5 8. exd5 Nb4 9. c3 Nxd5 10. d4 cxd4 11. cxd4 Qa5+ 12. Qd2 Qxd2+ 13. Kxd2 f6 14. Bb5+ Bd7 15. Bc4 Bc6 16. Nh4 Nb6 17. Be6 Ke7 18. d5 Nxd5 19. Nf5+ Kxe6 20. Nxg7+ Kd7 21. f3 Rhg8 22. Nf5 Rxg2+ 23. Ke1 Ke6 24. Nh4 Rxb2 25. Kd1 Ne3+ 26. Kc1 Rc2+ 27. Kb1 Ba4 28. Re1 Nc4 29. Re4 Nd2# 0-1